Modelos para el análisis de las Sierres de Tiempos (Registro nro. 4384)

Detalles MARC
000 -LEADER
fixed length control field 01475 a2200217 4500
001 - CONTROL NUMBER
control field 47487
005 - DATE AND TIME OF LATEST TRANSACTION
control field 20260407155742.0
008 - FIXED-LENGTH DATA ELEMENTS--GENERAL INFORMATION
fixed length control field 260407a2004 arg spa d
003 - CONTROL NUMBER IDENTIFIER
control field AR-UNSa-BCEJYS
040 ## - CATALOGING SOURCE
Original cataloging agency AR-UNSa-BCEJYS
Language of cataloging spa
Transcribing agency AR-UNSa-BCEJYS
080 ## - UNIVERSAL DECIMAL CLASSIFICATION NUMBER
Universal Decimal Classification number 519.21
Common auxiliary subdivision Teoría de probabilidades y procesos estocásticos<br/>
020 ## - INTERNATIONAL STANDARD BOOK NUMBER
International Standard Book Number 987-1076-54-1
100 1# - MAIN ENTRY--PERSONAL NAME
Personal name Abril, Juan Carlos
245 10 - TITLE STATEMENT
Title Modelos para el análisis de las Sierres de Tiempos
264 #1 - PRODUCTION, PUBLICATION, DISTRIBUTION, MANUFACTURE, AND COPYRIGHT NOTICE
Place of production, publication, distribution, manufacture Buenos Aires :
Name of producer, publisher, distributor, manufacturer Ediciones Cooperativas
Date of production, publication, distribution, manufacture, or copyright notice 2004
300 ## - PHYSICAL DESCRIPTION
Extent 377 p.
Dimensions 21 cm.
505 ## - FORMATTED CONTENTS NOTE
Formatted contents note 1. Introducción - 2. Procesos Escásticos Estacionarios - 3. Modelos Estocásticos Lineales - 4. Correlación Serial - 5. El ajuste de Modelos de Series de Tiempo - 6. Predicción - 7. Ejercicios de la primera parte - 8. El dominio de las frecuencias - 9. Estimación de la densidad espectral - 10. Test en el dominio de las frecuencias - 11. Estimación en las frecuencias - 12. Análisis Espectral Bivariado - 13. Ejercicios de la segunda parte - 14. MC en regresión con ST - 15. Tests de correlación serial - 16. Estimación en regresión con ST - 17. Ejercicios de la tercera parte - 18. La forma de espacio de Estado - 19. El algoritmo de Kalma - 20. Series irregulares I - 21. Series irregulares II - 22. Ejercicios de la cuarta parte -
590 ## - LOCAL NOTE (RLIN)
Local note niveau_biblio:m niveau_hierar:0
856 41 - ELECTRONIC LOCATION AND ACCESS
Uniform Resource Identifier <a href="https://www.biblioeco.unsa.edu.ar/pmb/images/libros/L127528.jpg">https://www.biblioeco.unsa.edu.ar/pmb/images/libros/L127528.jpg</a>
Link text Imagen de portada
Electronic format type image/jpeg
942 ## - ADDED ENTRY ELEMENTS (KOHA)
Koha item type
Existencias
Withdrawn status Lost status Damaged status Not for loan Home library Current library Shelving location Date acquired Total checkouts Full call number Barcode Date last seen Price effective from Koha item type
        Biblioteca Prof. Eusebio Cleto del Rey Biblioteca Prof. Eusebio Cleto del Rey   07/04/2026   519.21 A163 L127528 07/04/2026 07/04/2026 Libro